Nom de Boss Borderlands 2 - Statistiques

Statistiques générales
  • Ce quiz a été pris 15 fois
  • Le résultat moyen est 5 sur 16
Statistiques - réponses
Par images Réponse % Correct
Beau jack
100%
Le Guerrier
50%
Sanguine
50%
Wilhelm
50%
Capitaine Flynt
33%
Lee le sauvage
33%
Maitre Gee
33%
Rakkman
33%
Uranus
33%
BNK-3R
17%
Colonel Hector
17%
Dexidous l'invincible
17%
Fils de Crawmerax
17%
Haderax l'invincible
17%
Terramorphous l'Invincible
17%
Vermivorous l'Invincible
17%
Aucun quiz correspondant
Distribution des résultats
% des personnes avec chaque résultat
Percentile par nombre de réponses
Votre historique - résultats
Vous n’avez pas pris ce quiz